Statistiques concernant Personnages de fiction à barbes - Quiz par Images

Cliquez ici pour prendre le quiz!

Statistiques générales

  • Ce quiz a été pris 187 fois
  • Le résultat moyen est 5 sur 16

Statistiques - réponses

Réponse% Correct
Zeus
91%
Panoramix
89%
Obi-Wan Kenobi
51%
Ganondorf
39%
Kratos
39%
Leonidas
37%
Khal Drogo
31%
Monkey D. Garp
31%
Willie le jardinier
28%
Geralt de Riv
16%
Amiral Général Aladeen
9%
Seneca Crane
6%
Stoick
4%
Salvador
1%
Denis Damocles
0%
Eyk Larsen
0%

Distribution des résultats

Percentile par nombre de réponses

% des personnes avec chaque résultat

Votre développement - résultats

Vous n’avez pas pris ce quiz